000 00202 a2200097 4500
001 57700
100 _a
245 _aAn airman remembers
260 _aLahore
_bFeroze sons
_c1993
090 _c35381
_d35381
942 _aNUST-CAE
_c
_c28204
999 _c292773
_d292773